| 000 | 01477nam a22003977a 4500 | ||
|---|---|---|---|
| 003 | CHAP | ||
| 005 | 20220329140704.0 | ||
| 008 | 971013s1993 r 00010 d | ||
| 010 | _a56068 | ||
| 011 | _a57040 | ||
| 035 | _a61193 | ||
| 040 | _cCHAP | ||
| 082 |
_a581.13 _bF7 |
||
| 100 | 0 | 0 |
_aFragoso, M. A. C. _eed. _942854 |
| 245 |
_aOptimization of plant nutrition _b: refereed papers from ... |
||
| 260 |
_aDordrecht : _bKluwer, _c1993 |
||
| 300 |
_a682 p. _b: ilus. ; gráfs. |
||
| 490 | _aDevelopments in plant and soil sciences v. 53 | ||
| 590 |
_aBATCH-UPD _b10 _c20130110 _lUCH01 _h0517 |
||
| 590 |
_aBATCH-UPD _b10 _c20130110 _lUCH01 _h2207 |
||
| 590 |
_aBATCH-UPD _b10 _c20130410 _lUCH01 _h0156 |
||
| 590 |
_aBATCH-UPD _b10 _c20130914 _lUCH01 _h0613 |
||
| 590 |
_aCONVERSION _b10 _c20130109 _lUCH01 _h1330 |
||
| 650 | 1 | 4 |
_aDiagnóstico foliar. _932394 |
| 650 | 1 | 4 |
_aFertilizantes para cultivos. _940618 |
| 650 | 1 | 4 |
_aMetales pesados _xEfecto en plantas. _975171 |
| 650 | 1 | 4 |
_aPlantas _xElementos minerales. _988823 |
| 650 | 1 | 4 |
_aTensión _xEfecto en plantas. _9112283 |
| 700 | 0 |
_aBeusichem, M. L. van _eed. _912104 |
|
| 700 | 0 |
_aHouwers, A. _eed. _956458 |
|
| 710 | 0 |
_aInternational Colloquium for the Optimization of Plant Nutrition (8 : 1992 : Lisbon, Portugal) _959589 |
|
| 830 | 0 |
_aDevelopments in plant and soil sciences v. 53 _932292 |
|
| 901 | _aBK | ||
| 942 | _cLIBRO | ||
| 949 |
_a581.13 F7 _bBC _cLIBRO _d33724000040564 _eLIBRO _gI.180449 _h89865 _i61193 _si _t2999.00 |
||
| 999 |
_c56068 _d56068 |
||